Lie back and take property profits (Record no. 61922)

MARC details
000 -LEADER
fixed length control field 00685cam a2200205 4500
001 - CONTROL NUMBER
control field WB3548-10
008 - FIXED-LENGTH DATA ELEMENTS--GENERAL INFORMATION
fixed length control field 000000n 000 0 eng u
035 ## - SYSTEM CONTROL NUMBER
System control number (Sirsi) u103045
245 ## - TITLE STATEMENT
Title Lie back and take property profits
260 ## - PUBLICATION, DISTRIBUTION, ETC.
Date of publication, distribution, etc.
490 ## - SERIES STATEMENT
Series statement Times
Volume/sequential designation 4 December 1999, 58(2)
520 ## - SUMMARY, ETC.
Summary, etc. Considers the recent inconsistencies in house prices across the UK and reviews some of the new savings accounts specially designed for people wanting to invest in property.
590 ## - LOCAL NOTE (RLIN)
Local note WB
650 ## - SUBJECT ADDED ENTRY--TOPICAL TERM
Topical term or geographic name entry element FORECASTS
650 ## - SUBJECT ADDED ENTRY--TOPICAL TERM
Topical term or geographic name entry element PRICE RISES
650 ## - SUBJECT ADDED ENTRY--TOPICAL TERM
Topical term or geographic name entry element HOUSING MARKET
650 ## - SUBJECT ADDED ENTRY--TOPICAL TERM
Topical term or geographic name entry element INVESTMENT
690 ## - LOCAL SUBJECT ADDED ENTRY--TOPICAL TERM (OCLC, RLIN)
Topical term or geographic name as entry element PROPERTY-RESIDENTIAL PROPERTY-RESIDENTIAL PROPERTY MARKET
942 ## - ADDED ENTRY ELEMENTS (KOHA)
Suppress in OPAC 0
Holdings
Withdrawn status Lost status Source of classification or shelving scheme Damaged status Not for loan Home library Current library Shelving location Date acquired Total Checkouts Full call number Barcode Date last seen Copy number Price effective from Koha item type
    Dewey Decimal Classification     London London News article 07/12/1999   WB3548-10 103045-1001 06/08/2019 1 06/08/2019 News article